| 000 | 01513nam a2200361 a 4500 | ||
|---|---|---|---|
| 001 | ebr10223896 | ||
| 003 | CaPaEBR | ||
| 006 | m u | ||
| 007 | cr cn||||||||| | ||
| 008 | 030327s2003 wiu sb s001 0 eng | ||
| 010 | _z 2003007228 | ||
| 020 | _z0299192105 (alk. paper) | ||
| 020 | _z0299192148 (pbk. : alk. paper) | ||
| 040 |
_aCaPaEBR _cCaPaEBR |
||
| 035 | _a(OCoLC)229442209 | ||
| 043 | _ae-uk--- | ||
| 050 | 1 | 4 |
_aPR6001.M6 _bZ745 2003eb |
| 082 | 0 | 4 |
_a823/.91409 _221 |
| 100 | 1 | _aKeulks, Gavin. | |
| 245 | 1 | 0 |
_aFather and son _h[electronic resource] : _bKingsley Amis, Martin Amis, and the British novel since 1950 / _cGavin Keulks. |
| 246 | 3 | 0 | _aKingsley Amis, Martin Amis, and the British novel since 1950 |
| 260 |
_aMadison : _bUniversity of Wisconsin Press, _cc2003. |
||
| 300 | _aviii, 328 p. | ||
| 504 | _aIncludes bibliographical references (p. 307-321) and index. | ||
| 533 |
_aElectronic reproduction. _bPalo Alto, Calif. : _cebrary, _d2013. _nAvailable via World Wide Web. _nAccess may be limited to ebrary affiliated libraries. |
||
| 600 | 1 | 0 |
_aAmis, Kingsley _xCriticism and interpretation. |
| 600 | 1 | 0 |
_aAmis, Martin _xCriticism and interpretation. |
| 650 | 0 |
_aEnglish fiction _y20th century _xHistory and criticism. |
|
| 650 | 0 |
_aFathers and sons _zGreat Britain. |
|
| 655 | 7 |
_aElectronic books. _2local |
|
| 710 | 2 | _aebrary, Inc. | |
| 856 | 4 | 0 |
_uhttp://site.ebrary.com/lib/rucke/Doc?id=10223896 _zAn electronic book accessible through the World Wide Web; click to view |
| 999 |
_c40034 _d40034 |
||